000 00528 a2200217 4500
260 _aBoston
630 _a65 - Gestion et organisation de l'industri du commerce et des transports65 -
650 _a6 - SCIENCES APPLIQUEES MEDECINE TECHNOLOGIE
100 _aKoerber, Kenneth A.
260 _bIrwin
245 _aCollege Accounting
300 _a1123p
650 _aComptabilité
260 _c1993
300 _b29 cm
100 _lEn
037 _a8633
020 _a0-256-13289-5
999 _c43969
_d43969